Normal view
MARC view
Entry Personal Name
001 - CONTROL NUMBER
- control field: 556913
003 - CONTROL NUMBER IDENTIFIER
- control field: OSt
005 - DATE AND TIME OF LATEST TRANSACTION
- control field: 20220930095056.0
008 - FIXED-LENGTH DATA ELEMENTS
- fixed length control field: 220930|| aca||aabn | a|a d
040 ## - CATALOGING SOURCE
- Original cataloging agency: OSt
- Transcribing agency: OSt
100 ## - HEADING--PERSONAL NAME
- Personal name: दिल्ली विश्वविद्यालय. संगीत एवम् ललित कला संकाय. संगीत विभाग
670 ## - SOURCE DATA FOUND
- Source citation: Work cat.: (OSt)888281: मिश्र, द्वारिका नाथ, ले. 160609, बनारस घराने के सुविख्यात संगीतज्ञ पं. बड़े रामदास मिश्र, 2019
